Language Quiz

Random Language or Letter Quiz

Forms of the Same Name: M Quiz Stats

Quiz Updated Jan 20, 2015

Challenge
Share
Tweet
Score 0/10 Timer 05:00
0 Plays Today
% Correct
Michael
96.4%
Madeline
95.2%
Martin
94.9%
Michaela
93.9%
Moses
93.6%
Maurice
93%
Mary
92.1%
Margaret
91.1%
Matilda
90.2%
Matthias
89.5%

You're not logged in!

Compare scores with friends on all Sporcle quizzes.
Join for Free
OR
Log In

You Might Also Like...

Show Comments

Extras

Top Quizzes Today


Score Distribution

Your Account Isn't Verified!

In order to create a playlist on Sporcle, you need to verify the email address you used during registration. Go to your Sporcle Settings to finish the process.

Report this User

Report this user for behavior that violates our Community Guidelines.

Details: